书目信息 |
| 题名: |
六朝 汉魏 诗三百首注评
|
|
| 作者: | 焦泰平 编著 | |
| 分册: | ||
| 出版信息: | 西安 太白文艺出版社 1997.04 |
|
| 页数: | 304页 | |
| 开本: | 32开 | |
| 丛书名: | ||
| 单 册: | ||
| 中图分类: | I222.735 | |
| 科图分类: | ||
| 主题词: | 诗歌--中国 , 韵文--中国 | |
| 电子资源: | ||
| ISBN: | 7-80605-444-8 | |
| 000 | 00608nam0 2200205 45 | |
| 001 | 0011060937 | |
| 005 | 20001106114330.1 | |
| 010 | @a7-80605-444-8@d10.80元 | |
| 100 | @a20001106d1997 km y0chiy0120 ea | |
| 101 | 0 | @achi |
| 105 | @a z 000yy | |
| 200 | 1 | @a六朝 汉魏 诗三百首注评@ALiu Chao Han Wei Shi San Bai Shou Zhu Ping@f焦泰平编著@FJiao Tai Ping Bian Zhu |
| 210 | @a西安@c太白文艺出版社@d1997.04 | |
| 215 | @a304页@d32开 | |
| 606 | 0 | @a诗歌@x中国 |
| 606 | 0 | @a韵文@x中国 |
| 690 | @aI222.735@v3 | |
| 701 | 0 | @a焦泰平@4编著 |
| 801 | @aCN@bPftUser@c20001106 | |
| 905 | @b198783-787@dI222.735@eJ540@f5 | |
| 六朝 汉魏 诗三百首注评/焦泰平编著.-西安:太白文艺出版社,1997.04 |
| 304页;32开 |
| ISBN 7-80605-444-8:10.80元 |
| ● |
| 相关链接 |
|
|
|
正题名:六朝汉魏诗三百首注评
索取号:I222.735/J540
 
预约/预借
| 序号 | 登录号 | 条形码 | 馆藏地/架位号 | 状态 | 备注 |
| 1 | 198783 | 201987831 | 文学库108/108文学库 16排4列4层/ [索取号:I222.735/J540] | 在馆 | |
| 2 | 198784 | 201987840 | 社科二线400B/400B社科库 21排4列1层/ [索取号:I222.735/J540] | 在馆 | |
| 3 | 198785 | 201987859 | 文学库108/108文学库 16排4列4层/ [索取号:I222.735/J540] | 在馆 | |
| 4 | 198786 | 201987868 | 文学库108/108文学库 17排4列4层/ [索取号:I222.735/J540] | 在馆 | |
| 5 | 198787 | 201987877 | 文学库108/108文学库 17排4列4层/ [索取号:I222.735/J540] | 在馆 |